Juicio en Nisapur / (Record no. 17305)

MARC details
000 -LEADER
campo de control de longitud fija 00978nam a22003131i 4500
001 - NÚMERO DE CONTROL
campo de control 17305
003 - IDENTIFICADOR DE NÚMERO DE CONTROL
campo de control ES-MaACL
005 - FECHA Y HORA DE LA ÚLTIMA TRANSACCIÓN
campo de control 20230906152439.0
007 - CAMPO FIJO DE DESCRIPCIÓN FÍSICA--INFORMACIÓN GENERAL
campo de control de longitud fija t|
008 - DATOS DE LONGITUD FIJA--INFORMACIÓN GENERAL
campo de control de longitud fija 010126s1981 sp r ||||0| spa j
016 7# - NÚMERO DE CONTROL DE UNA AGENCIA BIBLIOGRÁFICA NACIONAL
Número de control cancelado/no válido IND9100068619
020 ## - NÚMERO INTERNACIONAL ESTÁNDAR DEL LIBRO
Número Internacional Estándar del Libro 84-7490-052-5
040 ## - FUENTE DE CATALOGACIÓN
Centro catalogador/agencia de origen M-BN
Lengua de catalogación spa
Centro/agencia transcriptor A2
080 ## - NÚMERO DE LA CLASIFICACIÓN DECIMAL UNIVERSAL
Número de la Clasificación Decimal Universal 892.7-23"19"
100 1# - ENTRADA PRINCIPAL--NOMBRE DE PERSONA
Nombre de persona Al-Bayati, Abd al-Wahhab.
9 (RLIN) 19045
245 10 - MENCIÓN DEL TÍTULO
Título Juicio en Nisapur /
Mención de responsabilidad, etc. Abdelwahhab al-Bayati ; [traducción del arabe] y prólogo de Carmen Ruiz Bravo.
260 ## - PUBLICACIÓN, DISTRIBUCIÓN, ETC.
Lugar de publicación, distribución, etc. Madrid :
Nombre del editor, distribuidor, etc. Encuentro,
Fecha de publicación, distribución, etc. D.L. 1981.
300 ## - DESCRIPCIÓN FÍSICA
Extensión 75 p. ;
Dimensiones 21 cm.
490 1# - MENCIÓN DE SERIE
Mención de serie Creación literaria ;
Designación de volumen o secuencia 6
500 ## - NOTA GENERAL
Nota general Indice.
504 ## - NOTA DE BIBLIOGRAFÍA, ETC.
Nota de bibliografía, etc. Bibliografía: p. 73-73.
700 1# - ENTRADA AGREGADA--NOMBRE PERSONAL
Nombre de persona Ruiz Bravo-Villasante, Carmen,
Fechas asociadas al nombre 1947-
9 (RLIN) 100675
830 0# - PUNTO DE ACCESO ADICIONAL DE SERIE-TÍTULO UNIFORME
Título uniforme Creación literaria ;
Designación de volumen o secuencia 6
9 (RLIN) 178462
852 ## - LOCALIZACIÓN
Ubicación ES-MaACL
Número de control de estantería L-24161
Sublocalización o colección R.129491
852 ## - LOCALIZACIÓN
Ubicación ES-MaACL
Número de control de estantería L-2492
Sublocalización o colección R.103253
852 ## - LOCALIZACIÓN
Ubicación ES-MaACL
Número de control de estantería L-3438
Sublocalización o colección R.103902
Holdings
Estatus retirado Estado de pérdida Fuente del sistema de clasificación o colocación Estado de daño No para préstamo Biblioteca de origen Biblioteca actual Ubicación en estantería Fecha de adquisición Número de inventario Total de préstamos Signatura topográfica completa Código de barras Visto por última vez Precio de reemplazo Tipo de ítem Koha Restricciones de uso
    Clasificación decimal universal     Biblioteca del Ateneo de Madrid Biblioteca del Ateneo de Madrid Depósito 2 17/01/2008 R.129491   L-24161 1017656 23/02/2023 23/02/2023 Libro impreso  
    Clasificación decimal universal     Biblioteca del Ateneo de Madrid Biblioteca del Ateneo de Madrid Depósito 2 17/01/2008 R.103902   L-3438 1021836 23/02/2023 23/02/2023 Libro impreso Duplicado
    Clasificación decimal universal     Biblioteca del Ateneo de Madrid Biblioteca del Ateneo de Madrid Depósito 2 17/01/2008 R.103253   L-2492 1021835 23/02/2023 23/02/2023 Libro impreso Duplicado